Respuestas de dos letras - Estadísticas

Estadísticas generales
  • Esta prueba ha sido intentada 2.454 veces
  • La puntuación promedio es 9 de 24
Estadísticas de respuestas
Pista Respuesta % Correcto
Se escribe esto varias veces para indicar la risa Ja
93%
ChatGPT utiliza esto IA
75%
Primera personal singular del pretérito perfecto simple de un verbo que significa escuchar
64%
El único infinitivo de dos letras Ir
60%
Cuando tiene creencias o el hierro Fe
59%
Pronombre personal tercera persona neutral Lo
59%
Pinchadiscos DJ
53%
Usado para incluir más destinatarios en un correo electrónico cc
41%
La parte de la biblia escrita después de Jesucristo N. T.
41%
Una persona con un PhD Dr.
33%
La palabra y viene de esta palabra latina Et
29%
Canción de Karol G: «__ __ tenía razón» Mi
29%
Canción de Karol G: «__ __ tenía razón» ex
26%
Tú, pero después de las preposiciones Ti
24%
La interjección favorita de Bad Bunny Ey
23%
Esta abreviatura significa las subdivisiones de primer nivel en España C. A.
22%
Tienda de ropa sueca H&M
21%
Contracción española Al
20%
Desde el principio al fin o un programa chileno de televisión De __ a __ Pa
20%
Desde el principio al fin o un programa chileno de televisión De __ a __ Pe
20%
Esta prueba se creó en 2024 ___ A. D. / d. C.
18%
Expresión coloquial utilizada en Aragón Co
14%
Esta pronombre de segunda persona casi no se escucha en Latinoamérica Os
10%
Tratamiento reducido que se antepone al nombre de una mujer Ña
8%
No se encontraron pruebas coincidentes
Distribución de puntuación
Porcentaje de gente con cada puntuación
Porcentaje por número respondido
Historial de tus puntuaciones
No has intentado esta prueba.